| 000 | 00389 a2200145 4500 | ||
|---|---|---|---|
| 020 | _a8186830308 | ||
| 040 |
_aDLC _bDLC |
||
| 082 | _a411 | ||
| 245 |
_aPentagon's reference library punctuation book _cPentagon |
||
| 260 |
_aNew Delhi : _bPentagon Press, _c2004. |
||
| 300 |
_a112 p. ; _c20 cm. |
||
| 650 | _aEnglish language--Punctuation. | ||
| 700 | _aPentagon. | ||
| 942 |
_cBK _k411 PEN _2ddc |
||
| 999 |
_c7410 _d7410 |
||